000 00481nam a2200193Ia 4500
001 13485
003 GE_BSU
008 181216s||||||||xx |||||||||||||| ||und||
040 _cGE_BSU
080 _a821.111.09
100 _aCarlyle,Thomas
245 _aOn Heroes, Hero-Worship and the Heroic in History
260 _aLondon
260 _bChampan and Hall
260 _c1840
300 _a235p.17cm.
653 _aOn Heroes, Hero-Worship and the Heroic in History
942 _cBK
999 _c46645
_d46645